| 000 | 01268nam a2200265 a 4500 | ||
|---|---|---|---|
| 001 | BRCA_9002 | ||
| 003 | FranzMayer | ||
| 005 | 20230724124736.0 | ||
| 008 | 170717s1771----sp-#######---#000-0#lat-# | ||
| 040 |
_aMFM _besp _cMFM |
||
| 041 | _alat | ||
| 044 | _asp | ||
| 084 |
_aLM47 _b.C86 1771 |
||
| 100 | 1 |
_aCuniliati, Fulgentio _922342 |
|
| 245 | 1 | 0 |
_aUniversae theologiae moralis accurata complexio instituendis candidatis accommodata, in qua. graviori praesertim S. Thomaes auctoritate, atque solidiori ratione ducibus quaestiones omnes, quea ad rem Moralem pertinent, brevi ac perspicua método resolvuntur _cA.P.F. Fulgentio Cuniliati Ordinis praedicatorum, congregationis; B. Jacobi Salomonii; exlectore sacre theologiae scolastico Dogmatice à pluribus annis Moralis Professore Ordinario in Collegio SS. Rosarii Venetiarum. |
| 260 |
_aMatriti _bEx typpographia Blassi Roman _c1771 |
||
| 300 |
_a372 p. (pte. 1) _c29.5 x 21 cm |
||
| 500 | _aEn portada: Editio Prima Matritensis | ||
| 500 | _aEn portada: Ab innumeris erroribus expurgata | ||
| 500 | _aSuperiorum permissu | ||
| 500 | _aEstado físico: presenta encuadernación en pergamino con cintas rotas | ||
| 650 | 1 | 4 |
_aTeología moral _yObras anteriores a 1800 _921355 |
| 902 | _aCFM | ||
| 942 |
_2lcc _cB |
||
| 999 |
_c8653 _d8653 |
||